000 01286nam a2200325 i 4500
003 EG-GICUC
005 20260121101431.0
008 251204s2010 ua ||||fr|||| 00| 0 ara d
017 _a٢٠١٠/٧٥٥٠
020 _a978-977-04-6402-1
040 _a EG-GICUC
_bara
_c EG-GICUC
_d EG-GICUC
_erda
041 0 _aara
082 0 4 _221
_a345.48
_bي س . م
092 0 4 _221
099 _aLaw1 07 345.48 ي س . م 2010
100 0 _aيسرى محمد العصار
_eمؤلف.
245 1 2 _aالمبادىء التي أرستها المحكمة الدستورية العليا :
_bفي مجال الوظيفة العامة /
_cالدكتور يسرى محمد العصار.
264 1 _aالقاهرة :
_bدار النهضة العربية،
_c2010.
300 _a307 ؛صفحة
_c24 سم.
336 _2rda content
_atext
337 _2rda media
_aComputer
338 _2rda carrier
_aOnline Resource
504 _aيشتمل على إرجاعات ببليوجرافية.
546 _aالنص باللغة العربية
650 1 4 _aالأجهزة القائمة على شؤون الوظيفة العامة
650 1 4 _aالقانون الإداري
856 4 0 _uhttps://fll.law.cu.edu.eg/fulltext/bks/B07-01113.pdf
905 _a32
_eYara
942 _2ddc
_cBK
_e21
_n0
999 _c48439
_d48439